000 00672nam a2200253Ia 4500
003 OSt
005 20221006145336.0
006 a|||||r|||| 00| 0
007 ta
008 221006b |||||||| |||| 00| 0 eng d
020 _c
_10.00
024 _a14,529
037 _cTextual
040 _aEASL
_cEASL
_beng
041 _2eng
_aeng
082 _aO41,1xA, 111K8
100 _aWELLS Henry W.
245 0 _aAncient poetry from China, Japan & India
260 _aColumbia
_bUniversity of South Carolina Press
_c1968
300 _a464p.
_ccm.
490 _v CEL
942 _hO41,1xA, 111K8
_cTEXL
_2CC
999 _c1082615
_d1082615